Postes électriques 400 kV sur une carte - Statistiques

Statistiques générales
  • Ce quiz a été pris 131 fois
  • Le résultat moyen est 48 sur 195
Réponses sur la Carte
Les réponses sont colorées sur une échelle allant du rouge au vert en fonction du pourcentage des utilisateurs qui les ont devinées à leur premier essai. Vous pouvez retrouver ces pourcentages ci-dessous.
 
Statistiques - réponses
Réponse % Correct
Flamanville
62%
Gravelines (Centrale)
57%
Paluel
52%
Penly (Centrale)
52%
Penly (Poste évacuation)
52%
Chinon B
48%
Civaux
43%
Fessenheim (Centrale)
43%
Golfech (Centrale)
43%
Argia (Bayonne Sud)
38%
Baixas
38%
Chooz B
38%
Cordemais
38%
Cordemais-Poste
38%
Le Tricastin-Poste
38%
Villejust
38%
Warande
38%
Yvelines-Ouest
38%
Belleville (Belleville-sur-Loire)
33%
Braud
33%
Cergy
33%
Distre
33%
Eguzon
33%
Henri-Paul
33%
Latena
33%
Le Chesnoy
33%
Le Havre
33%
Le Havre (Centrale)
33%
Marmagne
33%
Tabarderie
33%
Terrier
33%
Barnabos
29%
Bayet
29%
Cattenom
29%
Cirolliers
29%
Creney
29%
Cruas(-Meysse)
29%
Dampierre-en-Burly
29%
Emile-Huchet
29%
Faux-Fresnay
29%
Frasne
29%
Genissiat
29%
Grosne
29%
Houdreville
29%
Le Blayais
29%
Les Quintes
29%
Logelbach
29%
Lonny
29%
Mambelin
29%
Mandarins
29%
Marlenheim
29%
Mery-sur-Seine
29%
Mezerolles
29%
Morbras
29%
Oudon
29%
Plessis-Gassot
29%
Revigny
29%
Rougemontier
29%
Rueyres
29%
Saint-Laurent-des-Eaux B
29%
Saint-Vulbas-Ouest
29%
Scheer
29%
Sierentz
29%
Taute
29%
Vielmoulin
29%
Villechetive
29%
Villevaude
29%
Vincey
29%
Albertville
24%
Avelin
24%
Ayres
24%
Bezaumont
24%
Boctois
24%
Calan
24%
Cantegrit
24%
CERN
24%
Clerac
24%
Creys
24%
Cubnezais
24%
Dambron
24%
Domloup
24%
Gatinais
24%
Gauglin
24%
Gavrelle
24%
Grande-Ile
24%
Granzay
24%
Jonquières
24%
La Capelle
24%
La Gaudière
24%
La Martyre
24%
Launay
24%
Le Breuil
24%
Le Bugey
24%
Les Attaques
24%
Les Galoreaux
24%
Les Jumeaux
24%
Louisfert
24%
Marsillon
24%
Mastaing
24%
Menuel
24%
Mions
24%
Molière
24%
Montezic (Centrale)
24%
Montezic (Poste Exterieur)
24%
Moulaine
24%
Muhlbach
24%
Nogent-sur-Seine (Centrale)
24%
Plaine Haute
24%
Plaud
24%
Porcheville B
24%
Preguillac
24%
Realtor
24%
Remise
24%
Saint-Alban-Saint-Maurice
24%
Saint-Eloi
24%
Sausset
24%
Serein
24%
Tamareau
24%
Tilleul
24%
Verger
24%
Vigy
24%
Villerbon
24%
Weppes
24%
Argoeuves
19%
Avoine
19%
Beaumont-Monteux
19%
Biançon
19%
Blenod
19%
Bois-Tollot
19%
Bouchain
19%
Boutre
19%
Cazaril
19%
Chambry
19%
Chanceaux
19%
Charpenay
19%
Chevalet
19%
Cornier
19%
Coulange
19%
Donzac
19%
Echalas
19%
Fruges
19%
Grepilles
19%
Issel
19%
La Coche
19%
La Herse
19%
La Vaupalière
19%
Le Broc-Carros
19%
Le Marquis
19%
Limeux
19%
Neoules
19%
Penchard
19%
Piquage à la Praz-Saint-André
19%
Pivoz-Cordier
19%
Praz-Saint-André
19%
Revin (Centrale)
19%
Rom
19%
Saint-Avold
19%
Saucats
19%
Seuil
19%
Tavel
19%
Tollevast
19%
Tourbe
19%
Trans
19%
Valdivienne
19%
Verfeil
19%
Vesle
19%
Chaingy
14%
Champagnier
14%
La Bathie
14%
La Boisse
14%
La Picocherie
14%
Le Chaffard
14%
Le Cheylas
14%
Lesquive
14%
Mazures
14%
Montagny-les-Lanches
14%
Montereau
14%
Piquage à Tore Supra
14%
Prionnet
14%
Routy
14%
Rulhat
14%
Super-Bissorte
14%
Terrette
14%
Tore Supra
14%
Villarodin
14%
Brommat
10%
Les Renardières
10%
Martigues-Ponteau
10%
Neuves-Maisons
10%
Peuplingues
10%
Plan d'Orgon
10%
Ponteau
10%
Vaujany
10%
Bois de Serves
5%
Aucun quiz correspondant
Distribution des résultats
% des personnes avec chaque résultat
Percentile par nombre de réponses
Votre historique - résultats
Vous n’avez pas pris ce quiz